zpět

Detail výsledku týmu

Café Hostel, České Budějovice

Datum a čas kvízu

29 Celkem bodů Celkový počet nahraných bodů na tomto kvízu bez doplňovacích otázek.
4. Pořadí na kvízu Konečné umístění týmu na tomto kvízu.

Zaznamenané odpovědi

# Otázka Odpověď Body Výsledky
1. V Praze byla v úterý symbolick... na Karlově mostě 1
2. V pátek podal premiér v jedné... Francie 0
3. V pátek začala ve vybraných ki... Tady Vary 0
4. Do konce června museli čeští p... Ivo Valenta 0
5. Historicky druhý nejlepší stře... Milan Baroš 1
6. Toto téma začneme poněkud netr... Manželství na zkoušku/manželství na rok a den. 1
7. Kromě Yoko Ono, i další manžel... Ringo Starr 1
8. Historicky první prezidentkou... Perónovi, Argentina 1
9. Slavná americká herečka Elizab... Paul Newman 1
10. Mysteriózní komediální americk... 1B 2C 3A 4D 0